| 000 | 00687nam a2200229 a 4500 | ||
|---|---|---|---|
| 001 | 000031227 | ||
| 003 | OSt | ||
| 005 | 20240530073920.0 | ||
| 008 | 110615s1989 fr 000 0 spa d | ||
| 040 |
_aDO-SdBNP _bspa _cBNPHU |
||
| 049 | _aBNPD | ||
| 082 | 7 | 4 |
_aRD863.42 _bP438J _222 |
| 100 | 1 |
_aPérez-Alfonseca, Ricardo _924948 _d1892-1950 |
|
| 245 | 1 | 0 |
_aJuan de Nueva York, o, El Antinarciso. / _cRicardo Pérez-Alfonseca. |
| 260 |
_aParis : _bEdiciones Fin de Mes, _c1989. |
||
| 300 |
_a85 p. ; _c20 cm. |
||
| 650 | 0 |
_aNovela dominicana _9223 |
|
| 650 | 0 |
_aLiteratura dominicana. _967 |
|
| 740 | 2 | _aEl antinarciso | |
| 910 | _aValidado. Control de calidad MFF | ||
| 942 |
_2ddc _cLBS1 |
||
| 999 |
_c30719 _d30719 |
||